000 00480pab a2200169 454500
008 180718b1995 xxu||||| |||| 00| 0 eng d
100 _aGoodhart, Charles
245 _aShould the functions of monetary policy and banking supervision be separated?
260 _c1995
300 _ap.539-60
362 _aOct
650 _aBanks and banking - Europe
650 _aMonetary policy - Europe
700 _aSchoenmaker, Dirk
773 _aOxford Economic Papers
909 _a29753
999 _c29753
_d29753